000 01076nam a2200277 i 4500
003 DO-SdBNP
005 20260305074000.0
007 ta
008 230621b2021 dr ac||| |||| 00| 0 spa d
020 _a9789945807578
040 _aDO-SdBNP
_bspa
_cBNPHU
_erda
082 4 _222
100 1 _aGerón, Candido,
_d1948-
_eautor
_93577
245 1 0 _aPensamiento y nacionalismo de Peña Batlle :
_bestudio, discursos inéditos, cartas, entrevistas, artículos y otros escritos /
_cCándido Gerón ; diagramación, Juan Francisco Domínguez Novas
264 _aSanto Domingo :
_bCorripio,
_c2021.
300 _a403 páginas :
_bilustraciones, retratos ;
_c23 cm.
336 _2rdacontent
_atexto
_btxt
337 _2rdamedia
_asin mediación
_bn
338 _2rdacarrier
_avolumen
_bnc
500 _aIncluye datos biográficos del autor en las solapas
500 _aIncluye referencias bibliográficas, notas e índice onomástico
590 _aInventariado, 2023/BT
700 1 _aDomínguez Novas, Juan Francisco,
_ediagramación
_973382
910 _aBtavárez
942 _2ddc
_cLBS1
999 _c53892
_d53892